MARC

LEADER 00000nam0a2200000 4500
001 51961
005 20231101211335.0
010 |a 5020025941 
035 |a (RuTPU)RU\TPU\book\54405 
090 |a 51961 
100 |a 20030521d2003 k y0rusy50 ca 
101 0 |a rus 
102 |a RU 
105 |a aс z 001zd 
200 1 |a Исследования по истории физики и механики, 2002  |f Российская академия наук; Институт истории естествознания и техники им. С. С. Вавилова; Отв. ред. Г. М. Идлис 
210 |a Москва  |c Наука  |d 2003 
215 |a 335 с.  |c ил. 
320 |a Библиогр. в конце статей 
600 1 |a Марсель  |b Г.  |c французский философ  |f 1889-1973  |g Габриэль  |2 stltpush  |3 (RuTPU)RU\TPU\pers\8422  |9 1639 
600 1 |a Петрушевский  |b Ф. Ф.  |c русский физик  |f 1785-1848  |g Федор Фомич  |2 stltpush  |3 (RuTPU)RU\TPU\pers\8423  |9 1640 
600 1 |a Ньютон  |g Исаак  |b И.  |f 1642 - 1726  |c английский математик  |c механик  |c астроном  |c физик  |2 stltpui  |3 (RuTPU)RU\TPU\pers\346 
600 1 |a Гейзенберг  |g Вернер Карл  |b В. К.  |c немецкий физик-теоретик  |f 1901 - 1976  |2 stltpui  |3 (RuTPU)RU\TPU\pers\222 
600 1 |a Колмогоров  |g Андрей Николаевич  |b А. Н.  |f 1903 - 1987  |c российский математик  |2 stltpui  |3 (RuTPU)RU\TPU\pers\1509 
610 1 |a физика 
610 1 |a механика 
610 1 |a история 
610 1 |a квантовая механика 
610 1 |a 20 век 
610 1 |a гидродинамика 
610 1 |a турбулентность 
610 1 |a история научной книги 
610 1 |a научные книги 
675 |a 53(09)  |v 3 
675 |a 531(09)  |v 3 
686 |a Ч611.68  |v LBC/SL-A  |2 rubbk 
702 1 |a Идлис  |b Г. М.  |4 340 
712 0 2 |a Российская академия наук  |b Институт истории естествознания и техники им. С. И. Вавилова (ИИЕТ РАН)  |c (Москва)  |2 stltpush  |3 (RuTPU)RU\TPU\col\155 
801 1 |a RU  |b 63413507  |c 20030521  |g PSBO 
801 2 |a RU  |b 63413507  |c 20091008  |g PSBO 
942 |c BK